[Event "Al-Ain Classic Open A 2013"]
[Site "Al-Ain UAE"]
[Date "2013.12.19"]
[Round "1.26"]
[White "Kameswara Rao, Vempati"]
[Black "Erdogdu, Mert"]
[Result "0-1"]
[BlackTitle "IM"]
[WhiteElo "2073"]
[BlackElo "2426"]
[WhiteFideId "5049059"]
[BlackFideId "6301495"]
[EventDate "2013.12.19"]

1. e4 c5 2. d4 cxd4 3. c3 dxc3 4. Nxc3 d6 5. Nf3 Nc6 6. Bc4 a6 7. O-O Nf6 8. Qe2
Bg4 9. Rd1 e6 10. h3 Bxf3 11. Qxf3 Be7 12. Bf4 Qb8 13. Qd3 Ne5 14. Qe2 O-O 15.
Bb3 b5 16. Rac1 Qb7 17. Rd4 Rac8 18. Rcd1 Rfd8 19. R1d2 h6 20. Be3 b4 21. Na4
Nxe4 22. Rd1 d5 23. Qh5 Nc6 24. R4d3 Nf6 25. Qf3 Ne5 26. Qg3 Nxd3 27. Rxd3 Ne4
28. Qg4 Bg5 29. Bb6 Rc1+ 30. Bd1 Rdc8 31. h4 Bf6 32. Be3 Qb5 33. Rd4 Qxa4 34.
Rxd5 exd5 0-1

[Event "Al-Ain Classic Open A 2013"]
[Site "Al-Ain UAE"]
[Date "2013.12.19"]
[Round "1.27"]
[White "Sharbaf, Mohsen"]
[Black "Sameir, Ramez"]
[Result "1/2-1/2"]
[WhiteTitle "IM"]
[WhiteElo "2424"]
[BlackElo "2070"]
[WhiteFideId "12501808"]
[BlackFideId "10606017"]
[EventDate "2013.12.19"]

1. d4 e6 2. Nf3 Nf6 3. e3 d5 4. Bd3 Bd6 5. Nbd2 Nbd7 6. b3 e5 7. dxe5 Nxe5 8.
Bb2 Nxd3+ 9. cxd3 O-O 10. O-O Bf5 11. e4 dxe4 12. dxe4 Bxe4 13. Bxf6 Bxf3 14.
Bxd8 Bxd1 15. Bxc7 Bxc7 16. Raxd1 Rad8 17. Ne4 Rxd1 18. Rxd1 Rd8 19. Rxd8+ Bxd8
20. Nd6 b6 21. Kf1 Kf8 22. Ke2 a6 23. Kd3 Bc7 24. Nc4 b5 25. Ne3 h5 26. Ke4 Bxh2
27. g3 h4 28. gxh4 Ke7 29. Kd5 Kd7 30. h5 Bf4 31. Nf5 g6 32. h6 Bg5 33. h7 Bf6
34. Nh6 Ke7 35. Ng4 Bb2 36. Ne5 a5 37. Nf3 Bf6 38. Ne5 a4 39. b4 g5 40. Nc6+ Kf8
41. Na7 Kg7 42. Nxb5 g4 43. Nd6 Kxh7 44. Nxf7 Kg6 45. Ne5+ Kf5 46. Nd3 Bd8 47.
b5 1/2-1/2

[Event "Al-Ain Classic Open A 2013"]
[Site "Al-Ain UAE"]
[Date "2013.12.19"]
[Round "1.27"]
[White "Sharbaf, Mohsen"]
[Black "Sameir, Ramez"]
[Result "1/2-1/2"]
[WhiteTitle "IM"]
[WhiteElo "2424"]
[BlackElo "2070"]
[WhiteFideId "12501808"]
[BlackFideId "10606017"]
[EventDate "2013.12.19"]

1. d4 e6 2. Nf3 Nf6 3. e3 d5 4. Bd3 Bd6 5. Nbd2 Nbd7 6. b3 e5 7. dxe5 Nxe5 8.
Bb2 Nxd3+ 9. cxd3 O-O 10. O-O Bf5 11. e4 dxe4 12. dxe4 Bxe4 13. Bxf6 Bxf3 14.
Bxd8 Bxd1 15. Bxc7 Bxc7 16. Raxd1 Rad8 17. Ne4 Rxd1 18. Rxd1 Rd8 19. Rxd8+ Bxd8
20. Nd6 b6 21. Kf1 Kf8 22. Ke2 a6 23. Kd3 Bc7 24. Nc4 b5 25. Ne3 h5 26. Ke4 Bxh2
27. g3 h4 28. gxh4 Ke7 29. Kd5 Kd7 30. h5 Bf4 31. Nf5 g6 32. h6 Bg5 33. h7 Bf6
34. Nd6 Ke7 35. Ne4 Bb2 36. Nc5 a5 37. Nd3 Bf6 38. Ne5 a4 39. b4 g5 40. Nc6+ Kf8
41. Na7 Kg7 42. Nxb5 g4 43. Nd6 Kxh7 44. Nxf7 Kg6 45. Ne5+ Kf5 46. Nd3 Bd8 47.
b5 Ba5 48. a3 Bd8 49. Nc5 Bh4 50. Nxa4 Bxf2 51. Nc3 g3 52. Ne2 g2 53. a4 Kg4 54.
Ke4 Bb6 55. Kd3 Kf3 56. Kd2 Bc5 57. Kd3 Bb6 58. Kd2 1/2-1/2

[Event "Al-Ain Classic Open A 2013"]
[Site "Al-Ain UAE"]
[Date "2013.12.19"]
[Round "1.28"]
[White "Alahakoon, Isuru"]
[Black "Mammadov, Zaur"]
[Result "0-1"]
[BlackTitle "IM"]
[WhiteElo "2067"]
[BlackElo "2423"]
[WhiteFideId "9900993"]
[BlackFideId "13401033"]
[EventDate "2013.12.19"]

1. e4 c6 2. d4 d5 3. exd5 cxd5 4. Bd3 Nc6 5. c3 Nf6 6. Bf4 g6 7. Nf3 Bg7 8. O-O
Nh5 9. Bg5 O-O 10. Re1 Qd6 11. Na3 a6 12. Qd2 Bg4 13. Be2 Rad8 14. Ne5 Bxe2 15.
Nxc6 bxc6 16. Qxe2 f6 17. Bd2 e5 18. g4 Nf4 19. Bxf4 exf4 20. Qxa6 f3 21. Qd3
Qf4 22. h3 f5 23. Qe3 fxg4 24. Qxf4 Rxf4 25. Kh2 gxh3 26. Nc2 Rdf8 27. a4 Bh6
28. a5 Rg4 29. Rg1 Rg2+ 30. Rxg2 hxg2 31. a6 Bf4+ 32. Kh3 h5 33. Nb4 g5 34. a7
Ra8 35. Nxc6 g4+ 36. Kh4 g3 37. fxg3 f2 0-1

[Event "Al-Ain Classic Open A 2013"]
[Site "Al-Ain UAE"]
[Date "2013.12.19"]
[Round "1.29"]
[White "Seddaoui, Yamine"]
[Black "Anurag, Mhamal"]
[Result "0-1"]
[BlackTitle "IM"]
[WhiteElo "2051"]
[BlackElo "2416"]
[WhiteFideId "7902026"]
[BlackFideId "5024366"]
[EventDate "2013.12.19"]

1. e4 c5 2. Nf3 e6 3. c4 Nc6 4. Be2 Nf6 5. Nc3 a6 6. O-O h5 7. d4 cxd4 8. Nxd4
Qc7 9. h3 Ne5 10. b3 Bb4 11. Na4 Nxe4 12. Bxh5 Nc3 13. Nxc3 Bxc3 14. Nc2 Bxa1
15. Nxa1 b5 16. f4 Qc5+ 17. Kh1 g6 18. fxe5 Rxh5 19. Bf4 Bb7 20. Kh2 bxc4 21.
Nc2 cxb3 22. axb3 Rf5 23. Qd2 g5 24. b4 Qd5 25. Qe2 gxf4 0-1

[Event "Al-Ain Classic Open A 2013"]
[Site "Al-Ain UAE"]
[Date "2013.12.19"]
[Round "1.30"]
[White "Petrosyan, Tigran S."]
[Black "Bakalar, Jan"]
[Result "1-0"]
[WhiteTitle "FM"]
[WhiteElo "2383"]
[BlackElo "2033"]
[WhiteFideId "13303678"]
[BlackFideId "14901978"]
[EventDate "2013.12.19"]

1. Nf3 c5 2. c4 g6 3. g3 Nf6 4. Bg2 Qc7 5. O-O Bg7 6. b3 O-O 7. Nc3 a6 8. Bb2 b6
9. d4 cxd4 10. Nxd4 Bb7 11. e4 d6 12. Rc1 Nbd7 13. f4 Rac8 14. f5 g5 15. Nc2 b5
16. cxb5 axb5 17. Kh1 Qb6 18. Nb4 Qa5 19. a3 Nc5 20. Re1 Qa8 21. Nbd5 Bxd5 22.
exd5 Rb8 23. b4 Na6 24. Qd3 Nc7 25. Ne4 Nxe4 26. Bxe4 Ne8 27. Re2 Nf6 28. Bg2
Rfd8 29. Ree1 h6 30. Qe2 Bf8 31. h3 Qa7 32. Kh2 Ne8 33. Rc6 Bg7 34. Bc1 Bf6 35.
Be3 Qa4 36. Be4 Kf8 37. Bb6 1-0

[Event "Al-Ain Classic Open A 2013"]
[Site "Al-Ain UAE"]
[Date "2013.12.19"]
[Round "1.31"]
[White "Hesham, Abdelrahman"]
[Black "Abtini, Hasan"]
[Result "1-0"]
[WhiteTitle "IM"]
[WhiteElo "2374"]
[BlackElo "2014"]
[WhiteFideId "10600183"]
[BlackFideId "7601506"]
[EventDate "2013.12.19"]

1. d4 Nf6 2. c4 e6 3. Nf3 Bb4+ 4. Nbd2 b6 5. e3 Bb7 6. Bd3 O-O 7. O-O Bxd2 8.
Nxd2 d6 9. b3 Nbd7 10. Bb2 Qe7 11. f4 e5 12. fxe5 dxe5 13. d5 Rfe8 14. Qf3 Nf8
15. Qg3 Ng6 16. Rf5 Bc8 17. Rg5 e4 18. Bc2 h6 19. Rxg6 fxg6 20. Qxg6 Qf7 21.
Qxf7+ Kxf7 22. Rf1 Kg6 23. Rf4 Bf5 24. Bxf6 gxf6 25. g4 Bd7 26. Bxe4+ Kg7 27.
Kf2 a5 28. a4 Rad8 29. Nf3 Re7 30. Nd4 Rde8 31. Bf5 Kf7 32. Be6+ Bxe6 33. Nxe6
c6 34. h4 Kg6 35. e4 Rxe6 36. dxe6 Rxe6 37. Ke3 Rd6 38. c5 bxc5 39. Rf5 Rd1 40.
Rxc5 Rb1 41. Rxc6 Rxb3+ 42. Kf4 Rb4 43. g5 hxg5+ 44. hxg5 Rxa4 45. gxf6 Rb4 46.
Ke3 a4 47. e5 Rb5 48. Ke4 Ra5 49. Rc2 a3 50. Rg2+ Kf7 51. Rg7+ Kf8 52. e6 1-0

[Event "Al-Ain Classic Open A 2013"]
[Site "Al-Ain UAE"]
[Date "2013.12.19"]
[Round "1.32"]
[White "Dahdal, Lougain"]
[Black "Abdulov, Orkhan"]
[Result "0-1"]
[WhiteTitle "WIM"]
[BlackTitle "IM"]
[WhiteElo "2002"]
[BlackElo "2356"]
[WhiteFideId "8102880"]
[BlackFideId "13402714"]
[EventDate "2013.12.19"]

1. d4 g6 2. c4 Bg7 3. Nc3 d6 4. e4 Nd7 5. Be3 c5 6. d5 Bxc3+ 7. bxc3 Ngf6 8. Bd3
Ne5 9. h3 Qa5 10. Ne2 b6 11. f4 Nxd3+ 12. Qxd3 Ba6 13. e5 Nd7 14. exd6 exd6 15.
O-O Qa4 16. Rfe1 Qxc4 17. Qd2 O-O-O 18. a4 Nf6 19. a5 b5 20. f5 Nxd5 21. Bg5 f6
22. Bf4 gxf5 23. Rad1 Bb7 24. a6 Bc6 25. Rf1 Rhe8 26. Ng3 0-1

[Event "Al-Ain Classic Open A 2013"]
[Site "Al-Ain UAE"]
[Date "2013.12.19"]
[Round "1.33"]
[White "Djuraev, Sokhib"]
[Black "Afshar, Niusha"]
[Result "1-0"]
[WhiteTitle "FM"]
[WhiteElo "2355"]
[BlackElo "1992"]
[WhiteFideId "14201690"]
[BlackFideId "12509892"]
[EventDate "2013.12.19"]

1. e4 c5 2. Ne2 Nc6 3. d4 cxd4 4. Nxd4 Nf6 5. Nc3 e6 6. a3 Be7 7. Bf4 d6 8. Nxc6
bxc6 9. e5 Nd5 10. exd6 Nxf4 11. dxe7 Qxd1+ 12. Nxd1 Kxe7 13. g3 Nd5 14. c4 Nb6
15. Nc3 a5 16. O-O-O a4 17. Bg2 Bb7 18. c5 Nd7 19. Ne4 Ra5 20. Nd6 Ba6 21. Nf5+
exf5 22. Rhe1+ Kd8 23. Bxc6 Bc8 24. Bxd7 Bxd7 25. c6 Ra7 26. Re5 f4 27. Red5
fxg3 28. fxg3 Ke7 29. Rxd7+ Rxd7 30. Rxd7+ Kf6 31. c7 Rc8 32. Kc2 h5 33. Kc3 g5
34. Kb4 1-0

[Event "Al-Ain Classic Open A 2013"]
[Site "Al-Ain UAE"]
[Date "2013.12.19"]
[Round "1.34"]
[White "Baghdasaryan, Vahe"]
[Black "Karavade, Eesha"]
[Result "0-1"]
[WhiteTitle "IM"]
[BlackTitle "IM"]
[WhiteElo "2395"]
[BlackElo "2380"]
[WhiteFideId "13303139"]
[BlackFideId "5012600"]
[EventDate "2013.12.19"]

1. e4 e5 2. Nf3 Nc6 3. Bc4 Bc5 4. b4 Bxb4 5. c3 Ba5 6. d4 exd4 7. Qb3 Qe7 8. O-O
Bb6 9. cxd4 Nxd4 10. Nxd4 Bxd4 11. Nc3 Nf6 12. Ba3 d6 13. Rae1 Bxc3 14. Qxc3 Qe5
15. Qc1 Ng4 16. f4 Qd4+ 17. Kh1 Nf2+ 18. Rxf2 Qxf2 19. Re2 Qh4 20. e5 O-O 21.
exd6 cxd6 22. Bxd6 Bg4 23. Re7 Rac8 24. Qf1 Qh6 25. Ba3 Qc6 26. Bb5 Qc3 27. Bd6
Qd2 28. Ba3 a6 29. h3 axb5 30. hxg4 b4 31. Re2 Qd3 32. Bxb4 Rc2 33. Re1 Qxf1+
34. Rxf1 Rfc8 35. a3 Rc1 36. Kg1 Rxf1+ 37. Kxf1 Rc2 38. Kg1 Rc4 0-1

[Event "Al-Ain Classic Open A 2013"]
[Site "Al-Ain UAE"]
[Date "2013.12.19"]
[Round "1.36"]
[White "Hayrapetyan, Hovik"]
[Black "Safarov, Zirva"]
[Result "1/2-1/2"]
[WhiteTitle "GM"]
[WhiteElo "2458"]
[BlackElo "2120"]
[WhiteFideId "13302639"]
[BlackFideId "13413040"]
[EventDate "2013.12.19"]

1. d4 d5 2. c4 c6 3. Nc3 Nf6 4. cxd5 cxd5 5. Bf4 e6 6. e3 a6 7. Bd3 Nc6 8. Rc1
Bd6 9. Bxd6 Qxd6 10. f4 b5 11. Nf3 Bd7 12. O-O Ng4 13. Qe2 f5 14. h3 Nf6 15. Ne5
O-O 16. Bxb5 axb5 17. Nxb5 Nxd4 18. Nxd4 Rxa2 19. Qc2 Rb8 20. Nd3 Qa6 21. Rfd1
h6 22. Qc7 Rc8 23. Qxc8+ Bxc8 24. Nb4 Qb7 25. Nxa2 Bd7 26. b3 g5 27. g3 Qb8 28.
Nc3 e5 29. Nde2 d4 30. exd4 exf4 31. gxf4 gxf4 32. Rf1 Nh5 33. Nd5 Qxb3 34.
Nexf4 Nxf4 35. Nxf4 Qe3+ 36. Kh2 Qd2+ 37. Kg3 Qxd4 38. Rcd1 Qg7+ 39. Kh2 Qb2+
40. Kg3 Bc6 41. Rd6 Qa3+ 42. Rd3 Qe7 43. Kh2 Qe4 44. Rg3+ Kf7 45. Nd3 Qe2+ 46.
Rf2 Qe6 47. Rg6 Qd5 48. Rxc6 Qxd3 49. Rb2 Qd7 50. Rxh6 Qd5 51. Rb7+ Kg8 52. Rhh7
Qd2+ 53. Kg3 f4+ 54. Kg4 Qd1+ 55. Kxf4 Qd4+ 56. Kg5 Qd8+ 57. Rhe7 Kf8 58. Kg4 1/2-1/2

[Event "Al-Ain Classic Open A 2013"]
[Site "Al-Ain UAE"]
[Date "2013.12.19"]
[Round "1.37"]
[White "Rzayev, Bahruz"]
[Black "Kaboodi, Behrang"]
[Result "1-0"]
[WhiteTitle "IM"]
[WhiteElo "2465"]
[BlackElo "2044"]
[WhiteFideId "13403036"]
[BlackFideId "12504955"]
[EventDate "2013.12.19"]

1. c4 e5 2. Nc3 Nf6 3. g3 d5 4. cxd5 Nxd5 5. Bg2 Nb6 6. Nf3 Nc6 7. O-O Be7 8. a3
O-O 9. d3 Be6 10. b4 f6 11. Rb1 a5 12. b5 Nd4 13. Nd2 Nd5 14. Bxd5 Bxd5 15. e3
Be6 16. exd4 Qxd4 17. Nde4 Rfd8 18. Be3 Qxd3 19. Qa4 b6 20. Rfd1 Qc4 21. Qxc4
Bxc4 22. a4 Bb4 23. Rxd8+ Rxd8 24. Rd1 Rd3 25. Rxd3 Bxd3 26. f4 Bc2 27. f5 h5
28. Kf2 Kf7 29. Ke2 g6 30. fxg6+ Kxg6 31. Bd2 f5 32. Nf2 h4 33. Nfd1 hxg3 34.
hxg3 Bb3 35. Nb2 Kh5 36. Ncd1 Ba3 37. Bc3 Bd6 38. Ne3 f4 39. gxf4 exf4 40. Nec4
Bc5 41. Kf3 Kg5 42. Be5 Kf5 43. Bxf4 Ke6 44. Bxc7 Kd5 45. Bxb6 Bxb6 46. Nxb6+
Kc5 47. Nd7+ Kd6 48. Nf8 Kc5 49. Nd7+ Kd6 50. Nb6 Kc5 51. N6c4 Bxa4 52. Nxa4+
Kxb5 53. Ncb6 Kc6 54. Ke4 Kd6 55. Kf5 Ke7 56. Nc4 Kd7 57. Kf6 Kc6 58. Ke6 Kb5
59. Ncb2 Kc6 60. Nc4 Kb5 61. Ncb6 Kb4 62. Kd5 Kb5 63. Kd6 Kb4 64. Kc6 Kb3 65.
Kc5 Kc2 66. Kd4 Kd2 67. Nc4+ Ke2 68. Ke4 Kf2 69. Ne3 Ke2 70. Nf5 Kf2 71. Nd4 Kg3
72. Kf5 Kg2 73. Kg4 Kf2 74. Kf4 Kg2 75. Nf3 Kf2 76. Ng5 Kg2 77. Ne4 Kh3 78. Kg5
Kh2 79. Kh4 Kg2 80. Kg4 Kh2 81. Nf2 Kg2 82. Nd3 Kh2 83. Nf4 Kh1 84. Kf3 Kg1 85.
Ke2 Kh1 86. Kf2 Kh2 87. Nc3 a4 88. Ne4 a3 89. Nd2 a2 90. Nf3+ Kh1 91. Ne2 a1=Q
92. Ng3# 1-0

[Event "Al-Ain Classic Open A 2013"]
[Site "Al-Ain UAE"]
[Date "2013.12.19"]
[Round "1.39"]
[White "Vovk, Andrey"]
[Black "Mezioud, Amina"]
[Result "1/2-1/2"]
[WhiteTitle "GM"]
[BlackTitle "WIM"]
[WhiteElo "2599"]
[BlackElo "2048"]
[WhiteFideId "14114470"]
[BlackFideId "7900970"]
[EventDate "2013.12.19"]

1. e4 e5 2. Nf3 d6 3. d4 exd4 4. Nxd4 Nf6 5. Nc3 Be7 6. g3 Nbd7 7. Bg2 O-O 8.
O-O Re8 9. h3 c6 10. f4 Bf8 11. Re1 a6 12. Kh2 Nc5 13. Nb3 Be6 14. Nxc5 dxc5 15.
Be3 a5 16. Qf3 a4 17. b3 Qa5 18. Bf2 Rab8 19. Rg1 c4 20. Nxa4 c5 21. g4 h6 22.
Rae1 Bd7 23. e5 Bc6 24. Qc3 Qxc3 25. Nxc3 Bxg2 26. Kxg2 cxb3 27. exf6 Rxe1 28.
Rxe1 b2 29. Nb1 c4 30. fxg7 Kxg7 31. Re4 Rd8 32. Re1 1/2-1/2

[Event "Al-Ain Classic Open A 2013"]
[Site "Al-Ain UAE"]
[Date "2013.12.19"]
[Round "1.39"]
[White "Vovk, Andrey"]
[Black "Mezioud, Amina"]
[Result "1/2-1/2"]
[WhiteTitle "GM"]
[BlackTitle "WIM"]
[WhiteElo "2599"]
[BlackElo "2048"]
[WhiteFideId "14114470"]
[BlackFideId "7900970"]
[EventDate "2013.12.19"]

1. e4 e5 2. Nf3 d6 3. d4 exd4 4. Nxd4 Nf6 5. Nc3 Be7 6. g3 Nbd7 7. Bg2 O-O 8.
O-O Re8 9. h3 a5 10. f4 Bf8 11. Re1 c6 12. Kh2 Nc5 13. Nb3 Be6 14. Nxc5 dxc5 15.
Be3 a4 16. Qf3 a3 17. b3 Qa5 18. Bf2 Rad8 19. Re2 c4 20. Na4 c5 21. g4 h6 22.
Rae1 Bd7 23. e5 Bc6 24. Qc3 Qxc3 25. Nxc3 Bxg2 26. Kxg2 cxb3 27. exf6 Rxe2 28.
Rxe2 b2 29. Nb1 c4 30. fxg7 Kxg7 31. Re4 Rd1 32. Re1 Rc1 33. c3 b5 34. Rg1 b4
35. cxb4 Bxb4 36. Be3 Rc2+ 37. Kf3 c3 38. Rh1 Kh7 39. h4 Bc5 40. Bxc5 Rc1 41.
Nxc3 Rxh1 42. Bxa3 Rh3+ 43. Ke4 Rxc3 44. Bxb2 Rc2 45. Be5 Rxa2 46. h5 Ra6 47.
Kf5 1/2-1/2

[Event "Al-Ain Classic Open A 2013"]
[Site "Al-Ain UAE"]
[Date "2013.12.19"]
[Round "1.40"]
[White "Kalinina, Larisa"]
[Black "Ghaem Maghami, Ehsan"]
[Result "0-1"]
[WhiteTitle "WIM"]
[BlackTitle "GM"]
[WhiteElo "2155"]
[BlackElo "2560"]
[WhiteFideId "14106361"]
[BlackFideId "12500739"]
[EventDate "2013.12.19"]

1. e4 c5 2. Nf3 e6 3. d4 cxd4 4. Nxd4 a6 5. Bd3 Nf6 6. O-O Qc7 7. Kh1 d6 8. f4
Be7 9. Qe2 Nbd7 10. Nf3 Nc5 11. Nc3 b5 12. e5 Nfd7 13. exd6 Qxd6 14. Ne4 Qc7 15.
Bd2 O-O 16. Qe3 Nxd3 17. Qxd3 f6 18. Rad1 b4 19. Be1 Nb6 20. Bf2 Nc4 21. Qb3 a5
22. Nc5 Bxc5 23. Qxc4 Bd6 24. Qe4 Ra6 25. Be3 Be7 26. Nd4 Bb7 27. Qd3 Rc8 28.
Rf2 Rd6 29. Qf1 Qc4 30. Qxc4 Rxc4 31. Rfd2 Be4 32. Kg1 Rc8 33. Kf2 Kf7 34. Rc1
Rd7 35. Nb3 Rxd2+ 36. Nxd2 Rxc2 37. Rxc2 Bxc2 38. Nc4 a4 39. Bb6 Bb1 40. a3 Ba2
41. Nd2 bxa3 42. bxa3 Bxa3 43. Ne4 Bb4 44. Bd4 Bd5 45. Ng3 a3 46. Ne2 Bc4 47. g3
a2 48. Ba1 Bxe2 49. Kxe2 f5 50. Kd3 Bc5 0-1

[Event "Al-Ain Classic Open A 2013"]
[Site "Al-Ain UAE"]
[Date "2013.12.19"]
[Round "1.41"]
[White "Khadzh Khamed, Naser"]
[Black "Andreev, Eduard UKR"]
[Result "0-1"]
[BlackTitle "GM"]
[WhiteElo "2022"]
[BlackElo "2508"]
[WhiteFideId "14118920"]
[BlackFideId "14103400"]
[EventDate "2013.12.19"]

1. e4 c5 2. Nf3 d6 3. d4 cxd4 4. Nxd4 Nf6 5. Nc3 Nc6 6. Be2 g6 7. Be3 Bg7 8. h4
h5 9. f3 O-O 10. Qd2 d5 11. Nxc6 bxc6 12. Rd1 Be6 13. exd5 cxd5 14. b4 Qc7 15.
Nb5 Qg3+ 16. Kf1 Qb8 17. Bf4 Qb7 18. Nc7 Rad8 19. a4 Bc8 20. a5 d4 21. Ba6 Qb8
22. Bc4 e5 23. Bxe5 Ng4 24. Bxg7 Ne3+ 25. Kf2 Kxg7 26. Nd5 Nxd5 27. Qxd4+ Nf6
28. Qc3 Qc7 29. g4 Rxd1 30. Rxd1 Qh2+ 31. Kf1 Qh1+ 0-1

[Event "Al-Ain Classic Open A 2013"]
[Site "Al-Ain UAE"]
[Date "2013.12.20"]
[Round "2.2"]
[White "Guliev, Sarhan"]
[Black "Miroshnichenko, Evgenij"]
[Result "1/2-1/2"]
[WhiteTitle "GM"]
[BlackTitle "GM"]
[WhiteElo "2430"]
[BlackElo "2626"]
[WhiteFideId "13400231"]
[BlackFideId "14102595"]
[EventDate "2013.12.19"]

1. d4 Nf6 2. c4 e6 3. Nc3 Bb4 4. e3 O-O 5. Ne2 d5 6. a3 Be7 7. cxd5 Nxd5 8. Qc2
Nd7 9. Ng3 c5 10. Bd3 g6 11. O-O b6 12. e4 Nxc3 13. bxc3 Bb7 14. Bh6 Re8 15. Qd2
cxd4 16. cxd4 Nf6 17. Bb5 Nd7 18. Rfd1 a6 19. Bf1 b5 20. a4 b4 21. a5 Rc8 22.
Qb2 Nf6 23. f3 Qd7 24. Bd2 Rb8 25. Bf4 Rbd8 26. Be5 Rf8 27. d5 Ne8 28. d6 Nxd6
29. Qxb4 f6 30. Bf4 Nxe4 31. Qxe4 Bxe4 32. Rxd7 Rxd7 33. Nxe4 Rfd8 34. Kf2 Rd1
35. Ra2 f5 36. Nd2 g5 37. Be3 f4 38. Ke2 fxe3 39. Kxd1 Bb4 40. Bxa6 Rxd2+ 41.
Rxd2 exd2 42. Bc4 Bxa5 1/2-1/2

[Event "Al-Ain Classic Open A 2013"]
[Site "Al-Ain UAE"]
[Date "2013.12.20"]
[Round "2.3"]
[White "Oleksienko, Mikhailo"]
[Black "Arab, Adlane"]
[Result "1-0"]
[WhiteTitle "GM"]
[BlackTitle "IM"]
[WhiteElo "2622"]
[BlackElo "2433"]
[WhiteFideId "4152417"]
[BlackFideId "7900872"]
[EventDate "2013.12.19"]

1. d4 Nf6 2. c4 e6 3. Nf3 b6 4. g3 Ba6 5. Qa4 c6 6. Nc3 b5 7. cxb5 cxb5 8. Nxb5
Qb6 9. Nc3 Nc6 10. e4 Bxf1 11. Kxf1 Bb4 12. e5 Bxc3 13. bxc3 Ne4 14. Qc2 f5 15.
exf6 Nxf6 16. Kg2 Rc8 17. Rb1 Qa6 18. c4 O-O 19. Bd2 Ne7 20. Bb4 Rxc4 21. Qe2
Re8 22. Bxe7 Rxe7 23. Ne5 Ra4 24. Rb8+ Ne8 25. Qf3 1-0

[Event "Al-Ain Classic Open A 2013"]
[Site "Al-Ain UAE"]
[Date "2013.12.20"]
[Round "2.4"]
[White "Lazarev, Vladimir"]
[Black "Kravtsiv, Martyn"]
[Result "1/2-1/2"]
[WhiteTitle "GM"]
[BlackTitle "GM"]
[WhiteElo "2427"]
[BlackElo "2617"]
[WhiteFideId "4113250"]
[BlackFideId "14113147"]
[EventDate "2013.12.19"]

1. d4 Nf6 2. c4 e6 3. Nc3 Bb4 4. Qc2 O-O 5. a3 Bxc3+ 6. Qxc3 b6 7. Bg5 Bb7 8. e3
d6 9. Nf3 Nbd7 10. Nd2 c5 11. dxc5 bxc5 12. f3 d5 13. Bh4 a5 14. Bd3 Qb6 15. Bf2 1/2-1/2

[Event "Al-Ain Classic Open A 2013"]
[Site "Al-Ain UAE"]
[Date "2013.12.20"]
[Round "2.5"]
[White "Pashikian, Arman"]
[Black "Tunik, Gennady"]
[Result "1/2-1/2"]
[WhiteTitle "GM"]
[BlackTitle "GM"]
[WhiteElo "2617"]
[BlackElo "2416"]
[WhiteFideId "13301578"]
[BlackFideId "4101219"]
[EventDate "2013.12.19"]

1. c4 Nf6 2. Nc3 e5 3. g3 Bb4 4. Bg2 O-O 5. e4 a6 6. Nge2 b5 7. d3 d6 8. O-O c6
9. h3 Bc5 10. Kh2 Nbd7 11. f4 Ba7 12. b3 Re8 13. Ba3 Bc5 14. Bb2 Bb7 15. Qd2 Nf8
16. Rae1 Ne6 17. f5 Nd4 18. g4 h6 19. Ng3 a5 20. Qd1 a4 21. Nce2 axb3 22. Nxd4
Bxd4 23. Bxd4 exd4 24. axb3 Re5 25. Ne2 c5 26. Ng1 b4 27. h4 Ra2 28. g5 hxg5 29.
hxg5 Nh7 30. Nf3 Re8 31. Qc1 f6 32. g6 Ng5 33. Kg3 Qe7 34. Qf4 Nxf3 35. Bxf3 Qe5
36. Rh1 Rd2 37. Be2 Ra8 38. Rh7 Kf8 39. Qxe5 dxe5 40. Rh8+ Ke7 41. Rxa8 Bxa8 42.
Ra1 Bxe4 43. Ra7+ Kd6 44. dxe4 Rxe2 45. Ra6+ Ke7 46. Ra7+ Kd6 47. Ra6+ Ke7 48.
Ra7+ 1/2-1/2

[Event "Al-Ain Classic Open A 2013"]
[Site "Al-Ain UAE"]
[Date "2013.12.20"]
[Round "2.6"]
[White "Erdogdu, Mert"]
[Black "Iordachescu, Viorel"]
[Result "1/2-1/2"]
[WhiteTitle "IM"]
[BlackTitle "GM"]
[WhiteElo "2426"]
[BlackElo "2614"]
[WhiteFideId "6301495"]
[BlackFideId "13900200"]
[EventDate "2013.12.19"]

1. e4 e5 2. Nf3 Nc6 3. Bc4 Bc5 4. c3 Nf6 5. d3 a6 6. Bb3 O-O 7. h3 Ba7 8. Bg5 h6
9. Bh4 d6 10. Nbd2 Be6 11. Nh2 Bxb3 12. axb3 g5 13. Bg3 Kg7 14. h4 Rh8 15. Ndf3
Nh5 16. Qd2 f6 17. O-O-O Qe8 18. Ng4 Qe6 19. hxg5 hxg5 20. Ne3 Na5 21. Qe2 Nxb3+
22. Kb1 Bxe3 23. Qxe3 Nc5 24. Bxe5 fxe5 25. Qxg5+ Qg6 26. Qe7+ Qf7 27. Qg5+ Qg6
28. Qe7+ Kg8 29. Qxc7 Rh7 30. Qb6 Qf6 31. Rh4 Ng7 32. Rxh7 Kxh7 33. d4 exd4 34.
cxd4 Nxe4 35. Qxb7 Nxf2 36. Rd2 Qf5+ 37. Ka2 Qa5+ 38. Kb1 Qf5+ 39. Ka2 Qa5+ 40.
Kb1 Re8 41. Rxf2 Re1+ 42. Kc2 Qf5+ 43. Kd2 Rb1 44. Ke3 Rd1 45. Qe4 d5 46. Qc2
Qxc2 47. Rxc2 Nf5+ 48. Ke2 Rb1 49. g4 Nd6 50. Nd2 Rg1 51. Rc7+ Kg8 52. Rd7 Rg2+
53. Ke3 Nc4+ 54. Nxc4 dxc4 55. Rc7 Rxg4 56. Rxc4 Kf7 57. Rc7+ Ke8 58. Kd3 Rg6
59. Kc4 Kd8 60. Ra7 Rc6+ 61. Kd5 Rb6 62. Kc5 Rxb2 63. d5 a5 64. Kc6 Rc2+ 65. Kd6
Kc8 66. Rxa5 Rh2 67. Ra8+ Kb7 68. Re8 Rh5 69. Ke6 Rh6+ 70. Kd7 Rh7+ 71. Re7 Rh8
72. d6 Kb6 73. Rg7 Kb7 74. Ke6+ Kc6 75. Rc7+ Kb6 76. Rf7 Kc6 77. Ke7 Rg8 78. Rh7
Kb7 79. d7 Kc7 80. Rh1 Rg7+ 1/2-1/2

[Event "Al-Ain Classic Open A 2013"]
[Site "Al-Ain UAE"]
[Date "2013.12.20"]
[Round "2.7"]
[White "Gupta, Abhijeet"]
[Black "Petrosyan, Tigran S."]
[Result "1/2-1/2"]
[WhiteTitle "GM"]
[BlackTitle "FM"]
[WhiteElo "2608"]
[BlackElo "2383"]
[WhiteFideId "5010608"]
[BlackFideId "13303678"]
[EventDate "2013.12.19"]

1. d4 d5 2. c4 c6 3. Nf3 Nf6 4. Nc3 e6 5. g3 dxc4 6. Bg2 b5 7. a4 b4 8. Nb1 Ba6
9. O-O Nbd7 10. Bg5 Be7 11. Nbd2 Rc8 12. Rc1 c5 13. Nxc4 O-O 14. Nfe5 Nxe5 15.
dxe5 Bxc4 16. exf6 gxf6 17. Bh6 Qxd1 18. Rfxd1 Bxe2 19. Rd2 Bh5 20. Bxf8 Bxf8
21. Rd7 c4 22. Rxa7 c3 23. bxc3 Bg6 24. a5 bxc3 25. Bb7 1/2-1/2

[Event "Al-Ain Classic Open A 2013"]
[Site "Al-Ain UAE"]
[Date "2013.12.20"]
[Round "2.8"]
[White "Hovhannisyan, Robert"]
[Black "Hesham, Abdelrahman"]
[Result "1-0"]
[WhiteTitle "GM"]
[BlackTitle "IM"]
[WhiteElo "2597"]
[BlackElo "2374"]
[WhiteFideId "13302507"]
[BlackFideId "10600183"]
[EventDate "2013.12.19"]

1. e4 c5 2. Nf3 d6 3. d4 cxd4 4. Nxd4 Nf6 5. Nc3 a6 6. Be2 e5 7. Nb3 Be7 8. Be3
Be6 9. Nd5 Nbd7 10. Qd3 O-O 11. O-O Bxd5 12. exd5 Qc7 13. c4 b6 14. Nd2 Nc5 15.
Qc2 a5 16. Nb1 Ne8 17. Nc3 f5 18. f3 Qd7 19. b3 Bh4 20. g3 f4 21. Bxc5 fxg3 22.
Bxb6 gxh2+ 23. Kh1 Qh3 24. Ne4 g6 25. Bf2 Be7 26. Be3 Bh4 27. Bf2 Be7 28. Bg3
Kg7 29. Bd3 Qd7 30. Bxh2 Rf5 31. c5 Rh5 32. cxd6 1-0